Wszystkie Sądy Okręgowe w Polsce - Statystyki

Ogólne statystyki
  • Ten quiz został rozwiązany 11 razy
  • Średni wynik to 37 z 47
Statystyki odpowiedzi
% Poprawnych
100%
100%
100%
100%
100%
100%
100%
100%
100%
100%
100%
100%
100%
100%
100%
100%
100%
100%
100%
100%
100%
83%
83%
83%
83%
83%
83%
83%
67%
67%
67%
67%
67%
67%
67%
67%
67%
50%
50%
50%
50%
50%
50%
33%
33%
33%
33%
Nie znaleziono quizów pasujących do podanych kryteriów
Rozkład punktacji
Procent ludzi z każdym wynikiem
Percentyl według liczby udzielonych odpowiedzi
Twoja historia wyników
Nie rozwiązałeś tego quizu